[Event "Augsburg Afro op"]
[Site "Augsburg"]
[Date "2003.08.10"]
[Round "7"]
[White "Goes, Carsten"]
[Black "Sedlmayr, Werner"]
[Result "1-0"]
[WhiteElo "1335"]
[BlackElo "1747"]
[PlyCount "37"]
[EventDate "2003.08.06"]
[EventType "swiss"]
[EventRounds "7"]
[EventCountry "GER"]
[SourceTitle "EXT 2006"]
[Source "ChessBase"]
[SourceDate "2005.11.24"]
[SourceVersion "1"]
[SourceVersionDate "2005.11.24"]
[SourceQuality "1"]

1. e4 c5 2. c3 Nf6 3. e5 Nd5 4. Bc4 Nb6 5. Bb3 d6 6. d4 cxd4 7. cxd4 Nc6 8. exd6 Qxd6 9. Nf3 Bg4 10. Bxf7+ Kxf7 11. Ng5+ Ke8 12. Qxg4 Qxd4 13. Qe2 Qe5 14. Be3 e6 15. Nc3 Bb4 16. 0-0 Ke7 17. Nf3 Qh5 18. Bg5+ Kf7 19. Ne5+ 1-0

[Event "Augsburg Afro op"]
[Site "Augsburg"]
[Date "2003.08.07"]
[Round "1"]
[White "Deglmann, Ludwig"]
[Black "Sedlmayr, Werner"]
[Result "1-0"]
[WhiteElo "2269"]
[BlackElo "1747"]
[PlyCount "83"]
[EventDate "2003.08.06"]
[EventType "swiss"]
[EventRounds "7"]
[EventCountry "GER"]
[SourceTitle "EXT 2006"]
[Source "ChessBase"]
[SourceDate "2005.11.24"]
[SourceVersion "1"]
[SourceVersionDate "2005.11.24"]
[SourceQuality "1"]

1. e4 d5 2. exd5 Nf6 3. c4 c6 4. d4 cxd5 5. Nc3 g6 6. cxd5 Bg7 7. Bc4 0-0 8. Nge2 Nbd7 9. Nf4 Nb6 10. Bb3 Bg4 11. Qd3 a6 12. 0-0 Qd6 13. Re1 Bf5 14. Qf3 Bg4 15. Qd3 Bf5 16. Qe2 Rfe8 17. h3 h6 18. g4 Bd7 19. Qf3 Rad8 20. Nd3 Nh7 21. Ne4 Qb8 22. Bf4 Qa7 23. Bc7 Rc8 24. Ne5 Nf6 25. d6 Be6 26. Bxe6 fxe6 27. Bxb6 Qxb6 28. Nxf6+ exf6 29. d7 fxe5 30. dxe8Q+ Rxe8 31. dxe5 Rf8 32. Qe3 Qa5 33. Qe4 Qb6 34. Re2 Kh7 35. Rd1 Rf7 36. h4 Qc7 37. h5 Kg8 38. Qxg6 Qe7 39. Red2 Qh4 40. Rd8+ Rf8 41. Rxf8+ Kxf8 42. Rd7 1-0